LEADER 01034nam0-2200349---450- 001 990008306910403321 005 20060404102901.0 010 $a0-314-25723-3 035 $a000830691 035 $aFED01000830691 035 $a(Aleph)000830691FED01 035 $a000830691 100 $a20060404d2004----km-y0itay50------ba 101 0 $aeng 102 $aUS 105 $aa---n---001yy 200 1 $aAntitrust Law and Economics in a Nutshell$fby Ernest Gellhorn, William E. Kovacic, Stephen Calkins 205 $a5th ed. 210 $aSt. Paul, MN$cThomson/West$dc2004. 215 $aXLVII, 617 p.$cill.$d19 cm. 225 1 $aWest Nutshell Series 676 $a346.07$v21$zita 700 1$aGellhorn,$bErnest$0247062 701 1$aKovacic,$bWilliam E.$0301224 701 1$aCalkins,$bStephen$0500158 801 0$aIT$bUNINA$gRICA$2UNIMARC 901 $aBK 912 $a990008306910403321 952 $aVI G 294$b49435*$fFGBC 959 $aFGBC 996 $aAntitrust Law and Economics in a Nutshell$9745115 997 $aUNINA LEADER 03161nam 2200553Ia 450 001 9910451827503321 005 20200520144314.0 010 $a94-012-0387-3 010 $a1-4294-8108-0 035 $a(CKB)1000000000475295 035 $a(EBL)556884 035 $a(OCoLC)714568420 035 $a(SSID)ssj0000134792 035 $a(PQKBManifestationID)11954076 035 $a(PQKBTitleCode)TC0000134792 035 $a(PQKBWorkID)10054059 035 $a(PQKB)11650010 035 $a(MiAaPQ)EBC556884 035 $a(Au-PeEL)EBL556884 035 $a(CaPaEBR)ebr10380349 035 $a(EXLCZ)991000000000475295 100 $a19990819d2006 uy 0 101 0 $ager 135 $aur|n|---||||| 181 $ctxt 182 $cc 183 $acr 200 00$aDaphnis$b[electronic resource] $eZeitschrift fu?r mittlere deutsche Literatur und Kultur der fru?hen Neuzeit (1400-1750)$hBand 35, Heft 1-2 /$fherausgegeben von Barbara Becker-Cantarino ...[et. al.] 210 $aAmsterdam $cRodopi$d2006 215 $a1 online resource (381 p.) 225 1 $aDaphnis ;$v35/1-2 300 $aIncludes index. 311 $a90-420-2138-1 327 $aAntonius von Pforr und die Herren von Scho?nau: Ein neuaufgefundenes Lebenszeugnis zum Verfasser des Buches der Beispiele.; ""Rudimenta Reuchliniana"". Faber Stapulensis auf den Spuren des Hebraisten Johannes Reuchlin.; Akkumulation von Ansehenskapital. Die Gedenkschrift fu?r Johann Valentin Andreae - Edition mit einer Bibliographie der gedruckten werke von Gottlieb Andreae.; ""Fu?rbild aller Tugenden"". Rhetorik und Moral in der barocken Trauerspielpoetik.; Daniel Casper von Lohenstein's Diplomatic Memorial to Emperor Leopold I for the Estates of Legnica, Brzeg, and Wo?o?w. 327 $aVon Alexanders Mord-Banquet bis zur Kindheit Mosis. Eine unbekannte Kollektion von Theaterzetteln der Wanderbu?hne.Der Vormund des Hanswurst. Der Eggenbergische Hofkomo?diant Johann Valentin Petzold und sein Kilian Brustfleck.; Reiseerlebnis und Gesellschaftskritik in Friedrich Nicolais Roman Leben und Meinungen des Herrn Magisters Sebaldus Nothanker.; MISZELLEN; REZENSIONEN; INHALT 330 $aInhalt Michael BAERMANN: Antonius von Pforr und die Herren von Schoenau: Ein neuaufgefundenes Lebenszeugnis zum Verfasser des 'Buches der Beispiele' Ulli ROTH: Rudimenta Reuchliniana. Faber Stapulensis auf den Spuren des Hebraisten Johannes Reuchlin Sabine KOLOCH, unter Mitarbeit von Frank BOEHLING und Hermann EHMER: Akkumulation von Ansehenskapital. Die Gedenkschrift fuer Johann Valentin Andreae - Edition mit einer Bibliographie der gedruckten Werke von Gottlieb Andreae Thomas MARTINEC: Fuerbild aller Tugenden. Rhetorik und Moral in der barocken Trauerspielpoetik Joshua P. WATERMAN: Daniel Ca 410 0$aDaphnis ;$v35/1-2. 606 $aGerman literature$yEarly modern, 1500-1700 607 $aGermany$xHistory 608 $aElectronic books. 615 0$aGerman literature 676 $a830/.9 801 0$bMiAaPQ 801 1$bMiAaPQ 801 2$bMiAaPQ 906 $aBOOK 912 $a9910451827503321 996 $aDaphnis$9892726 997 $aUNINA